|
|
|
|
| LEADER |
00000njm a2200000 4500 |
| 001 |
vtls012252782 |
| 003 |
SK-MaSNL |
| 005 |
20260331212526.0 |
| 007 |
s m p a |
| 008 |
240314t1963 xr g 000 0 cze |
| 015 |
|
|
|a SNBJ1963
|
| 028 |
1 |
1 |
|a 013218
|b SUPRAPHON
|
| 028 |
2 |
1 |
|a D 01094/A A
|b SUPRAPHON
|
| 028 |
2 |
1 |
|a D 01095/A B
|b SUPRAPHON
|
| 040 |
|
|
|a SNK
|b slo
|c SNK
|e rda
|
| 041 |
0 |
|
|a cze
|
| 044 |
|
|
|a xr
|c CZ
|
| 072 |
|
7 |
|a 78
|x Hudba
|2 konspekt
|
| 080 |
|
|
|a (086.72)
|2 2011
|
| 100 |
1 |
|
|a Zíma, Josef,
|d 1932-2025
|4 sng
|9 254472
|
| 245 |
1 |
0 |
|a Žij si dál : Říkal jsem ji denně
|c zpíva Josef Zíma; Sláva Kunst se svým orchestrem (hudobná skupina)
|
| 264 |
|
1 |
|a Praha
|b Supraphon
|c [1963]
|
| 264 |
|
4 |
|c Ⓟ1963
|
| 300 |
|
|
|a 1 gramofónová platňa
|c 18 cm
|
| 336 |
|
|
|a hraná hudba
|b prm
|2 rdacontent
|
| 337 |
|
|
|a audio
|b s
|2 rdamedia
|
| 338 |
|
|
|a audiodisk
|b sd
|2 rdacarrier
|
| 500 |
|
|
|a Gramoplatňa má 2 skladby
|
| 655 |
|
7 |
|a gramofónové platne
|2 SNKPH
|9 74608
|
| 655 |
|
7 |
|a Gramophone records
|2 SNKPHeng
|9 286457
|
| 710 |
2 |
|
|a Sláva Kunst se svým orchestrem (hudobná skupina)
|4 sng
|9 306868
|
| 740 |
0 |
2 |
|a Říkal jsem ji denně
|
| 958 |
|
|
|a GP
|
| 999 |
|
|
|c 562174
|d 564104
|
| 952 |
|
|
|a SNK
|b SNK
|y PREZ
|7 0
|p 17A0332883
|o snk45-174
|i snk1834/67
|0 0
|1 0
|4 0
|d 2024-03-14
|l 0
|r 2026-02-23 13:46:24
|w 2026-02-23
|
| 952 |
|
|
|a SNKMST
|b SNKMST
|y PREZ
|7 0
|p 17A0332884
|o snk45-174 D1
|i snk1835/67
|0 0
|1 0
|4 0
|d 2024-03-14
|l 0
|r 2026-02-23 13:46:24
|w 2026-02-23
|